00487 2200205 4500001002100000008004100021035002000062245003800082100002000120250000600140260004000146300001200186084001400198082000800212650001300220990001200233990001200245990001200257990001200269INLIS000000000000676 ind  a0010-0424000652 aMengenal WindowscSuharno Widi N. aWidi N, Suharno a1 aJakarta :bAnak Saleh Pratamac2008 a144 hlm a005 SUH m a005 aNonfiksi a0721758 a0721759 a0721760 a0721761